[Event "Open A Zadar 2016"]
[Site "Zadar"]
[Date "2016.12.12"]
[Round "2.23"]
[White "Blazeka, Matej"]
[Black "Marjanovic, Dejan"]
[Result "1-0"]
[WhiteElo "2284"]
[BlackElo "2439"]
[PlyCount "51"]
[EventDate "2016.12.11"]
[EventCountry "CRO"]

1. e4 e6 2. d4 d5 3. exd5 exd5 4. Bd3 Nc6 5. c3 Bd6 6. Nf3 Nge7 7. O-O Bg4 8.
Nbd2 Qd7 9. Re1 O-O-O 10. b4 Ng6 11. b5 Nce7 12. Qa4 Kb8 13. Ne5 Bxe5 14. dxe5
d4 15. Nb3 dxc3 16. Nc5 Qd4 17. Qa3 Nf5 18. h3 Nxe5 19. Re4 Nxd3 20. Rxd4 Nxd4
21. Nxd3 Nxb5 22. Qa4 Rxd3 23. hxg4 a6 24. Be3 Rhd8 25. Rc1 R3d5 26. Qb3 1-0

[Event "Open A Zadar 2016"]
[Site "Zadar"]
[Date "2016.12.12"]
[Round "2.24"]
[White "Tica, Sven"]
[Black "Blohberger, Felix"]
[Result "1-0"]
[WhiteElo "2359"]
[BlackElo "2272"]
[PlyCount "91"]
[EventDate "2016.12.11"]
[EventCountry "CRO"]

1. d4 Nf6 2. c4 e6 3. g3 d5 4. Nf3 dxc4 5. Bg2 c6 6. Ne5 c5 7. Qa4+ Nbd7 8.
Nxc4 Be7 9. dxc5 Bxc5 10. O-O O-O 11. Nc3 a6 12. Bf4 b5 13. Qa5 Ra7 14. Qxd8
Rxd8 15. Na5 Re8 16. Nc6 Rb7 17. b4 Bf8 18. Na5 Rb6 19. a3 e5 20. Be3 Rd6 21.
Rfd1 Nb8 22. Ba7 Bd7 23. Bb7 Bc8 24. Bxb8 Rxd1+ 25. Rxd1 Bxb7 26. Bxe5 Ba8 27.
Bd6 Rc8 28. Bxf8 Kxf8 29. Rd3 Ne4 30. Nd1 Ke7 31. f3 Rc1 32. Kf1 Nd6 33. Ke1
Ra1 34. Kf2 Ra2 35. Nc3 Ra1 36. e4 f6 37. Ke3 g5 38. Kd4 Rh1 39. Kc5 Nc8 40.
Nc6+ Ke6 41. Nd5 Bxc6 42. Kxc6 Rxh2 43. Nc7+ Kf7 44. g4 Ne7+ 45. Kb6 Rh6 46.
Kb7 1-0

[Event "Open A Zadar 2016"]
[Site "Zadar"]
[Date "2016.12.12"]
[Round "2.25"]
[White "Horvath, Dominik"]
[Black "Mecinger, Vojko"]
[Result "0-1"]
[WhiteElo "2269"]
[BlackElo "2356"]
[PlyCount "90"]
[EventDate "2016.12.11"]
[EventCountry "CRO"]

1. Nf3 Nf6 2. c4 e6 3. g3 d5 4. d4 Bb4+ 5. Bd2 Be7 6. Bg2 O-O 7. O-O c6 8. Qc2
b6 9. Rd1 Nbd7 10. b3 Ba6 11. a4 c5 12. Na3 cxd4 13. Nxd4 Bxa3 14. Rxa3 Rc8 15.
Nb5 Qe7 16. Qb2 Nc5 17. b4 Nce4 18. cxd5 Bxb5 19. axb5 exd5 20. Be3 Rc4 21. Bd4
Rfc8 22. f3 Rc2 23. Qa1 Nxg3 24. Re3 Nxe2+ 25. Kf1 Qxb4 26. Rxe2 Rxe2 27. Kxe2
Rc2+ 28. Ke3 Qe7+ 29. Be5 Rxg2 30. Rc1 h6 31. Rc7 d4+ 32. Qxd4 Qa3+ 33. Kf4 g5+
34. Kf5 Qxf3+ 35. Bf4 Ne8 36. Re7 Qg4+ 37. Ke5 Re2+ 38. Be3 Qxd4+ 39. Kxd4 Nd6
40. Kd3 Ra2 41. Re5 Rb2 42. Rd5 Nxb5 43. Bc1 Rb3+ 44. Kc2 Rc3+ 45. Kd2 Rc5 0-1

[Event "Open A Zadar 2016"]
[Site "Zadar"]
[Date "2016.12.12"]
[Round "2.26"]
[White "Muha, Miljenko"]
[Black "Krsnik Cohar, Ivan Vihor"]
[Result "0-1"]
[WhiteElo "2258"]
[BlackElo "2353"]
[PlyCount "56"]
[EventDate "2016.12.11"]
[EventCountry "CRO"]

1. d4 d5 2. Nf3 Bf5 3. g3 e6 4. Bg2 Nf6 5. O-O Bd6 6. c4 c6 7. Nc3 O-O 8. Nd2
Nbd7 9. e4 dxe4 10. Ndxe4 Be7 11. Be3 Nxe4 12. Nxe4 Nf6 13. Nc3 Ng4 14. Bf4 Qb6
15. Na4 Qa6 16. Qb3 Rad8 17. Rfd1 b5 18. cxb5 cxb5 19. Nc5 Qb6 20. Be3 e5 21.
Qc3 exd4 22. Bxd4 Rxd4 23. Rxd4 Bxc5 24. Rf4 Nxf2 25. Rxf5 Ne4+ 26. Qxc5 Nxc5
27. Raf1 g6 28. Rf6 Qd8 0-1

[Event "Open A Zadar 2016"]
[Site "Zadar"]
[Date "2016.12.12"]
[Round "2.27"]
[White "Zovko, Mario"]
[Black "Jusic, Zdenko"]
[Result "1/2-1/2"]
[WhiteElo "2342"]
[BlackElo "2257"]
[PlyCount "24"]
[EventDate "2016.12.11"]
[EventCountry "CRO"]

1. e4 c6 2. d4 d5 3. Nc3 dxe4 4. Nxe4 Bf5 5. Ng3 Bg6 6. h4 h6 7. f4 e6 8. Nf3
Nd7 9. Bc4 Bb4+ 10. c3 Bd6 11. Qe2 b5 12. Bb3 Ne7 1/2-1/2

[Event "Open A Zadar 2016"]
[Site "Zadar"]
[Date "2016.12.12"]
[Round "2.28"]
[White "Krstulovic, Alex"]
[Black "Stocko, Josip"]
[Result "1-0"]
[WhiteElo "2258"]
[BlackElo "2340"]
[PlyCount "103"]
[EventDate "2016.12.11"]
[EventCountry "CRO"]

1. d4 Nf6 2. c4 d6 3. Nc3 Nbd7 4. e4 e5 5. Nf3 c6 6. Be2 Be7 7. O-O O-O 8. Qc2
Qc7 9. Rd1 a6 10. h3 b5 11. Be3 b4 12. Nb1 c5 13. d5 Nb6 14. Nbd2 a5 15. Ne1 a4
16. Nd3 Re8 17. Kh2 g6 18. Rf1 Nfd7 19. Rae1 Rb8 20. Bg4 Ba6 21. b3 Ra8 22.
bxa4 Bb7 23. Nb2 Ra7 24. Bd1 Rea8 25. Qd3 Bc8 26. a3 bxa3 27. Qxa3 Nf8 28. Nb1
f5 29. exf5 gxf5 30. f4 Ng6 31. fxe5 dxe5 32. Nc3 e4+ 33. Kh1 Qe5 34. Nb5 Bd7
35. Bxc5 Bxb5 36. cxb5 Nxd5 37. Bxe7 Ndxe7 38. Bb3+ Kg7 39. Nc4 Qg3 40. b6 Rb7
41. a5 Nh4 42. Qb2+ Kh6 43. Re3 Qg5 44. Qf2 Nd5 45. Rg3 Qe7 46. Qd2+ f4 47. Rg4
Rd8 48. Rfxf4 Nxf4 49. Qxf4+ Kh5 50. Ne5 Ng6 51. Qf5+ Kh6 52. Rxg6+ 1-0

[Event "Open A Zadar 2016"]
[Site "Zadar"]
[Date "2016.12.12"]
[Round "2.29"]
[White "De Francesco, Klaus"]
[Black "Cebalo, Miso"]
[Result "0-1"]
[WhiteElo "2257"]
[BlackElo "2333"]
[PlyCount "68"]
[EventDate "2016.12.11"]
[EventCountry "CRO"]

1. d4 Nf6 2. c4 c5 3. d5 e6 4. Nc3 exd5 5. cxd5 d6 6. Nf3 g6 7. Qa4+ Bd7 8. Qb3
Qc7 9. e4 Bg7 10. Bc4 O-O 11. O-O Na6 12. h3 Rab8 13. a4 Nb4 14. Bf4 Ne8 15.
Rfe1 f6 16. Nb5 Bxb5 17. axb5 a5 18. Bh2 Kh8 19. Bf1 b6 20. Nd2 Rd8 21. Nc4 Rd7
22. Rad1 Qd8 23. Be2 Re7 24. Bg4 f5 25. exf5 gxf5 26. Bf3 f4 27. Rxe7 Qxe7 28.
Nxb6 Qb7 29. Na4 Qxb5 30. Nc3 c4 31. Qa3 Qb6 32. Qa4 Nd3 33. Qd7 Qxf2+ 34. Kh1
Ne5 0-1

[Event "Open A Zadar 2016"]
[Site "Zadar"]
[Date "2016.12.12"]
[Round "2.30"]
[White "Sahil, Tickoo"]
[Black "Biliskov, Vjekoslav"]
[Result "1/2-1/2"]
[WhiteElo "2165"]
[BlackElo "2314"]
[PlyCount "82"]
[EventDate "2016.12.11"]
[EventCountry "CRO"]

1. d4 c5 2. d5 g6 3. c4 Bg7 4. e4 d6 5. h3 Nf6 6. Nc3 O-O 7. Nf3 e6 8. Bd3 exd5
9. cxd5 b5 10. Nxb5 Re8 11. O-O Nxe4 12. Re1 a6 13. Rxe4 Rxe4 14. Nxd6 Rb4 15.
a3 Qxd6 16. axb4 cxb4 17. Qe2 Nd7 18. Qe8+ Qf8 19. Qxf8+ Kxf8 20. Bd2 Bxb2 21.
Bxb4+ Kg7 22. Ra2 Bf6 23. Rc2 Ne5 24. Nxe5 Bxe5 25. Re2 Rb8 26. Bc5 f6 27. f4
Bxf4 28. Re7+ Kh6 29. d6 Bf5 30. Bxf5 gxf5 31. d7 Bc7 32. Kf2 Rb5 33. Be3+ Kg6
34. h4 h5 35. Re6 Rd5 36. Rxa6 Rxd7 37. Ra7 f4 38. Bc5 Kf7 39. Kf3 Ke6 40. Bd4
Be5 41. Rxd7 Kxd7 1/2-1/2

[Event "Open A Zadar 2016"]
[Site "Zadar"]
[Date "2016.12.12"]
[Round "3.2"]
[White "Halvax, Georg"]
[Black "Saric, Ante"]
[Result "0-1"]
[WhiteElo "2395"]
[BlackElo "2547"]
[PlyCount "116"]
[EventDate "2016.12.11"]
[EventCountry "CRO"]
[WhiteClock "1:30:00"]
[BlackClock "1:30:00"]

1. e4 e6 2. d3 c5 3. Nf3 Nc6 4. g3 g6 5. Bg2 Bg7 6. O-O Nge7 7. Re1 O-O 8. Nbd2
d6 9. a4 b6 10. Nf1 e5 11. c3 h6 12. Nh4 Be6 13. f4 Qd7 14. Ne3 exf4 15. gxf4
f5 16. exf5 gxf5 17. Nc4 Kh7 18. Qe2 Bf7 19. Bf3 Bf6 20. Ng2 Ng6 21. Qf2 d5 22.
Nce3 Rae8 23. Bd2 Na5 24. Nf1 Nb3 25. Ra3 Nxd2 26. Qxd2 Rxe1 27. Qxe1 Re8 28.
Qd2 Nh4 29. Nxh4 Bxh4 30. Ra1 Rg8+ 31. Kh1 d4 32. c4 a5 33. b3 Qd6 34. Ra2 Be8
35. Qc1 Bc6 36. Qd1 Qg6 37. Ng3 Qg4 38. Ne4 Bxe4 39. dxe4 Qxf4 40. e5 Re8 41.
Rg2 Rxe5 42. Rg1 Re3 43. Bd5 Bg5 44. Qh5 Re7 45. Bf7 Qe4+ 46. Rg2 Qe1+ 47. Rg1
Qe4+ 48. Rg2 f4 49. Bd5 Qf5 50. Qd1 Bh4 51. Rg1 Bf2 52. Rf1 Be3 53. Qf3 d3 54.
Qg2 Qg6 55. Qxg6+ Kxg6 56. Rd1 d2 57. Kg2 Kf5 58. Kf3 Ke5 0-1

[Event "Open A Zadar 2016"]
[Site "Zadar"]
[Date "2016.12.12"]
[Round "3.3"]
[White "Bai, Jinshi"]
[Black "Jovanic, Ognjen"]
[Result "1-0"]
[WhiteElo "2544"]
[BlackElo "2477"]
[PlyCount "59"]
[EventDate "2016.12.11"]
[EventCountry "CRO"]
[WhiteClock "1:30:00"]
[BlackClock "1:30:00"]

1. d4 d5 2. c4 c6 3. cxd5 cxd5 4. Bf4 Nc6 5. e3 Nf6 6. Nc3 a6 7. Be2 Ne4 8. Nf3
Nxc3 9. bxc3 Na5 10. O-O Bf5 11. Rc1 Rc8 12. Nd2 e6 13. c4 dxc4 14. Nxc4 Nxc4
15. Bxc4 b5 16. Be2 Rxc1 17. Qxc1 Be4 18. a4 Qd7 19. Qb2 Bd6 20. axb5 Bxf4 21.
exf4 a5 22. Qa3 Qe7 23. Qxa5 O-O 24. b6 Qb7 25. f3 Bd5 26. Rc1 Ra8 27. Qb5 Qe7
28. Qc5 Qd8 29. Qc7 Qf8 30. b7 1-0

[Event "Open A Zadar 2016"]
[Site "Zadar"]
[Date "2016.12.12"]
[Round "3.4"]
[White "Palac, Mladen"]
[Black "Xu, Xiangyu"]
[Result "1/2-1/2"]
[WhiteElo "2601"]
[BlackElo "2467"]
[PlyCount "68"]
[EventDate "2016.12.11"]
[EventCountry "CRO"]
[WhiteClock "1:20:00"]
[BlackClock "1:30:00"]

1. e4 e5 2. Nf3 Nf6 3. Nxe5 d6 4. Nf3 Nxe4 5. d4 d5 6. Bd3 Nc6 7. O-O Be7 8.
Nbd2 Bf5 9. Re1 Nxd2 10. Qxd2 Bxd3 11. Qxd3 O-O 12. c3 h6 13. Bf4 Bd6 14. Bg3
a6 15. Qf5 Bxg3 16. hxg3 Qd6 17. Re3 Rfe8 18. Rae1 Rxe3 19. Rxe3 g6 20. Qc2 Qd7
21. Qe2 Kf8 22. Ne1 Re8 23. Nd3 Rxe3 24. Qxe3 Kg7 25. Nc5 Qc8 26. Qf3 Ne7 27.
Qe2 Ng8 28. b4 Nf6 29. f3 Nd7 30. Qe7 Nxc5 31. bxc5 Kg8 32. Kf2 h5 33. a4 c6
34. a5 Kg7 1/2-1/2

[Event "Open A Zadar 2016"]
[Site "Zadar"]
[Date "2016.12.12"]
[Round "3.5"]
[White "Markoja, Boris"]
[Black "Nikolic, Predrag"]
[Result "1/2-1/2"]
[WhiteElo "2366"]
[BlackElo "2615"]
[PlyCount "85"]
[EventDate "2016.12.11"]
[EventCountry "CRO"]
[WhiteClock "1:30:00"]
[BlackClock "1:30:00"]

1. d4 d5 2. c4 dxc4 3. e3 e6 4. Bxc4 a6 5. Nf3 Nf6 6. O-O c5 7. dxc5 Qxd1 8.
Rxd1 Bxc5 9. a3 O-O 10. b4 Be7 11. Bb2 Bd7 12. Nc3 Rd8 13. Ne5 Be8 14. Be2 Nc6
15. Nd3 Na7 16. Ne5 Rac8 17. Rxd8 Bxd8 18. Rc1 Bc7 19. Nd3 Bd6 20. Bf3 Bc6 21.
Bxc6 Rxc6 22. Ne2 Nd7 23. f3 f6 24. Rxc6 Nxc6 25. Nd4 Nxd4 26. Bxd4 e5 27. Bb2
Nb6 28. Kf2 Kf7 29. e4 Ke6 30. Ke2 Nc4 31. Bc1 a5 32. Nc5+ Bxc5 33. bxc5 a4 34.
Kd3 Na5 35. Kc3 Kd7 36. Be3 Kc6 37. Kb4 Nb3 38. h4 h5 39. g3 g6 40. g4 Nd4 41.
Bxd4 exd4 42. gxh5 gxh5 43. Kc4 1/2-1/2

[Event "Open A Zadar 2016"]
[Site "Zadar"]
[Date "2016.12.12"]
[Round "3.6"]
[White "Brkic, Ante"]
[Black "Klekowski, Maciej"]
[Result "1-0"]
[WhiteElo "2569"]
[BlackElo "2448"]
[PlyCount "85"]
[EventDate "2016.12.11"]
[EventCountry "CRO"]
[WhiteClock "1:30:00"]
[BlackClock "1:30:00"]

1. e4 c5 2. Nf3 e6 3. d4 cxd4 4. Nxd4 Nc6 5. Nc3 a6 6. Be3 Nf6 7. f4 d6 8. Be2
Qc7 9. Qd2 Bd7 10. O-O-O Rc8 11. Kb1 b5 12. Bd3 Be7 13. h3 Na5 14. Qf2 Qb7 15.
e5 b4 16. Nce2 Ne4 17. Bxe4 Qxe4 18. Ng3 Qb7 19. Nh5 g6 20. exd6 Bd8 21. f5
exf5 22. Ng7+ Kf8 23. Ngxf5 h5 24. Ne7 Bxe7 25. dxe7+ Kxe7 26. Bg5+ Kf8 27.
Rhe1 Kg8 28. Re7 Qd5 29. Rf1 Rh7 30. Bf6 Nc6 31. Nxc6 Qxc6 32. Bd4 Bf5 33. Rc1
Qd6 34. Qe3 Be6 35. Ra7 h4 36. b3 Rh5 37. Bb2 Qc5 38. Bd4 Qc6 39. Qf2 Bf5 40.
Bb2 Rd8 41. Qe2 Rg5 42. Qe7 Qd5 43. Qf6 1-0

[Event "Open A Zadar 2016"]
[Site "Zadar"]
[Date "2016.12.12"]
[Round "3.7"]
[White "Zelcic, Robert"]
[Black "Li, Di"]
[Result "1/2-1/2"]
[WhiteElo "2496"]
[BlackElo "2434"]
[PlyCount "145"]
[EventDate "2016.12.11"]
[EventCountry "CRO"]
[WhiteClock "1:30:00"]
[BlackClock "1:30:00"]

1. e4 e5 2. Nf3 Nf6 3. Nc3 Nc6 4. d4 exd4 5. Nxd4 Bb4 6. Nxc6 bxc6 7. Bd3 O-O
8. O-O Re8 9. Qf3 Rb8 10. Bf4 d6 11. h3 h6 12. Rad1 Bxc3 13. bxc3 Nd7 14. Rb1
Rb6 15. Be3 c5 16. Qg3 Qf6 17. Bd2 Bb7 18. f3 Ne5 19. Be2 Ba6 20. Qf2 Bxe2 21.
Qxe2 Qe6 22. Rb3 Qc4 23. Qe1 Qa4 24. Qg3 Kf8 25. Ra1 Nc4 26. Bf4 Re6 27. Kh2
Na5 28. Qe1 Kg8 29. Rxb6 axb6 30. Qc1 Qc4 31. Qd2 Re8 32. Bg3 Ra8 33. e5 Qe6
34. exd6 Nc4 35. Qd3 Nxd6 36. a4 Qd7 37. Bxd6 cxd6 38. Rb1 d5 39. c4 Qc7+ 40.
Kh1 dxc4 41. Qxc4 Qc6 42. Rb5 Re8 43. Rb1 Qd6 44. Qb5 Re5 45. a5 bxa5 46. Qb8+
Qxb8 47. Rxb8+ Kh7 48. Rb5 a4 49. Ra5 Kg6 50. Rxa4 Kf5 51. Kg1 Ke6 52. Kf2 g5
53. c4 h5 54. Ra6+ Ke7 55. g3 Re6 56. Ra7+ Kf6 57. Rc7 Re5 58. h4 gxh4 59. gxh4
Ke6 60. Kg3 f6 61. Rc6+ Kf5 62. Rd6 Kg6 63. Rd3 Kf7 64. Kf4 Ke6 65. Rd8 Rf5+
66. Kg3 Re5 67. Rc8 Kd7 68. Ra8 Re1 69. Ra6 Rg1+ 70. Kf4 Rh1 71. Kg3 Rg1+ 72.
Kf4 Rh1 73. Kg3 1/2-1/2

[Event "Open A Zadar 2016"]
[Site "Zadar"]
[Date "2016.12.12"]
[Round "3.8"]
[White "Stopa, Jacek"]
[Black "Burovic, Rijad"]
[Result "1-0"]
[WhiteElo "2479"]
[BlackElo "2302"]
[PlyCount "43"]
[EventDate "2016.12.11"]
[EventCountry "CRO"]
[WhiteClock "1:30:00"]
[BlackClock "1:30:00"]

1. d4 g6 2. e4 c6 3. Nc3 d5 4. e5 h5 5. Nf3 Bg4 6. h3 Bxf3 7. Qxf3 e6 8. Be3
Nd7 9. Bd3 Ne7 10. O-O c5 11. Bg5 Qc8 12. dxc5 Nc6 13. Nxd5 Bxc5 14. Nf6+ Nxf6
15. Bxf6 Rg8 16. Rad1 Be7 17. Be4 Qc7 18. Bxe7 Nxe7 19. Rd6 Nf5 20. Bxf5 exf5
21. Rfd1 Kf8 22. Qd5 1-0

[Event "Open A Zadar 2016"]
[Site "Zadar"]
[Date "2016.12.12"]
[Round "3.9"]
[White "Kreisl, Robert"]
[Black "Swayams, Mishra"]
[Result "0-1"]
[WhiteElo "2436"]
[BlackElo "2473"]
[PlyCount "132"]
[EventDate "2016.12.11"]
[EventCountry "CRO"]
[WhiteClock "1:28:00"]
[BlackClock "1:30:00"]

1. d4 e6 2. Nf3 Nf6 3. c4 b6 4. g3 Bb7 5. Bg2 Bb4+ 6. Bd2 Be7 7. O-O O-O 8. Nc3
c6 9. Bf4 d5 10. Ne5 Nfd7 11. Nxd7 Qxd7 12. cxd5 cxd5 13. Rc1 Nc6 14. e4 dxe4
15. Bxe4 Nb4 16. Qf3 Bxe4 17. Qxe4 Rfd8 18. Rfd1 Nd5 19. Nxd5 Qxd5 20. Qxd5
Rxd5 21. Rc7 Bf6 22. Rdc1 Rxd4 23. Rb7 Ra4 24. Rcc7 Bxb2 25. Rxf7 Rxa2 26. Rfe7
Rf8 27. Rxa7 Rxa7 28. Rxa7 e5 29. Be3 Rb8 30. Ra4 b5 31. Rb4 Bc3 32. Rb3 b4 33.
Kf1 Kf7 34. Ke2 Ke6 35. Bd2 Bxd2 36. Kxd2 Rb7 37. Kc2 Kd5 38. Kb2 Kd4 39. Re3
Rf7 40. Re2 Rf3 41. Rd2+ Rd3 42. Re2 e4 43. h4 Rf3 44. Rd2+ Kc4 45. Rc2+ Rc3
46. Re2 Kd3 47. Re3+ Kd4 48. Re2 h5 49. Rd2+ Rd3 50. Re2 b3 51. Ka3 e3 52.
fxe3+ Rxe3 53. Rg2 Ke4 54. Rg1 Kf3 55. Rf1+ Kxg3 56. Rf7 Kxh4 57. Rxg7 Kh3 58.
Kb2 h4 59. Rg8 Kh2 60. Rg7 h3 61. Rg6 Rg3 62. Rd6 Kh1 63. Rd1+ Rg1 64. Rd3 h2
65. Kxb3 Kg2 66. Rd2+ Kh3 0-1

[Event "Open A Zadar 2016"]
[Site "Zadar"]
[Date "2016.12.12"]
[Round "3.10"]
[White "Mencinger, Vojko"]
[Black "Stefanov, Emil"]
[Result "0-1"]
[WhiteElo "2356"]
[BlackElo "2484"]
[PlyCount "122"]
[EventDate "2016.12.11"]
[EventCountry "CRO"]
[WhiteClock "1:30:00"]
[BlackClock "1:30:00"]

1. e4 e5 2. Nf3 Nc6 3. Bc4 Nf6 4. d3 Be7 5. O-O O-O 6. Re1 d6 7. a4 Na5 8. Ba2
c5 9. Bd2 Nc6 10. Na3 h6 11. Nc4 Be6 12. c3 a6 13. Ne3 Re8 14. h3 Bxa2 15. Rxa2
d5 16. exd5 Nxd5 17. Nc4 Bd6 18. Qb3 Rb8 19. Nxd6 Qxd6 20. a5 Nc7 21. Qb6 Qxd3
22. Be3 e4 23. Nh2 Ne6 24. Raa1 Qb5 25. f3 Qxb6 26. axb6 Ne5 27. fxe4 Nc4 28.
b4 cxb4 29. cxb4 Red8 30. Bf2 Nd4 31. Rac1 Nxb6 32. Bg3 Rbc8 33. Bc7 Rd7 34.
Bf4 Rxc1 35. Bxc1 Nc4 36. Bf4 b5 37. Kf2 Nc6 38. Rb1 Nd2 39. Rb2 Nxe4+ 40. Kf3
Nc3 41. Nf1 Rd3+ 42. Be3 Nd4+ 43. Kf4 g5+ 44. Ke5 Nc6+ 45. Kf5 Rd5+ 46. Kg4
Ne5+ 47. Kh5 Kg7 48. Ng3 Nd7 49. Kg4 Nd1 50. Rb3 Ne5+ 51. Kh5 Nd7 52. Kg4 Kg6
53. Kf3 Nxe3 54. Kxe3 f5 55. Ne2 Ne5 56. g3 Nc4+ 57. Kf2 Rd1 58. h4 Kh5 59.
hxg5 hxg5 60. Rc3 Kg4 61. Rc2 Rf1+ 0-1

[Event "Open A Zadar 2016"]
[Site "Zadar"]
[Date "2016.12.12"]
[Round "3.11"]
[White "Dragnev, Valentin"]
[Black "Tica, Sven"]
[Result "1-0"]
[WhiteElo "2475"]
[BlackElo "2359"]
[PlyCount "119"]
[EventDate "2016.12.11"]
[EventCountry "CRO"]
[WhiteClock "1:27:00"]
[BlackClock "1:30:00"]

1. e4 g6 2. d4 Bg7 3. Nf3 d6 4. Nc3 a6 5. a4 Nd7 6. Be2 e6 7. Bg5 Ne7 8. Qd2 h6
9. Be3 b6 10. O-O Bb7 11. h3 Nf6 12. Bd3 d5 13. e5 Ne4 14. Qe1 Nf5 15. Bf4 Ng5
16. Bxg5 hxg5 17. Qd2 c5 18. Ne2 cxd4 19. Rfe1 Bh6 20. g4 Ne7 21. Nexd4 Nc6 22.
Nxc6 Bxc6 23. Nd4 Bb7 24. b4 Qe7 25. Re3 Rc8 26. c3 Qc7 27. Qe2 O-O 28. Bxa6
Bxa6 29. Qxa6 Ra8 30. Qe2 Rfc8 31. Nb5 Qc4 32. Qxc4 Rxc4 33. Kf1 Bf8 34. Ke2 d4
35. Re4 Bxb4 36. cxb4 Rxb4 37. Nxd4 f5 38. exf6 e5 39. Rxe5 Rxd4 40. Rxg5 Kf7
41. Rb5 Raxa4 42. Rxa4 Rxa4 43. Rxb6 g5 44. Kf3 Ra3+ 45. Kg2 Kg6 46. Re6 Ra1
47. Rc6 Ra3 48. Rb6 Rc3 49. Re6 Rc1 50. Ra6 Rc3 51. Rd6 Ra3 52. f3 Ra1 53. Rb6
Rc1 54. Ra6 Rb1 55. Rd6 Ra1 56. Rd5 Kxf6 57. h4 gxh4 58. Rh5 Ra2+ 59. Kh3 Rf2
60. Rf5+ 1-0

[Event "Open A Zadar 2016"]
[Site "Zadar"]
[Date "2016.12.12"]
[Round "3.12"]
[White "Schreiner, Peter"]
[Black "Krsnik Cohar, Ivan Cohar"]
[Result "1-0"]
[WhiteElo "2472"]
[BlackElo "2353"]
[PlyCount "107"]
[EventDate "2016.12.11"]
[EventCountry "CRO"]
[WhiteClock "1:30:00"]
[BlackClock "1:30:00"]

1. d4 d5 2. c4 c6 3. Nf3 Nf6 4. e3 Bf5 5. Nc3 e6 6. Nh4 Bg4 7. Qb3 Qb6 8. h3
Bh5 9. g4 Bg6 10. Nxg6 hxg6 11. g5 Ng8 12. c5 Qc7 13. e4 Nd7 14. exd5 exd5 15.
Ne2 Rh4 16. Bg2 Ne7 17. Qg3 Qxg3 18. fxg3 Rh8 19. O-O Nf5 20. Bd2 f6 21. Rae1
Kf7 22. g4 Nh4 23. Bh1 Be7 24. Nf4 Rae8 25. b4 Bd8 26. Nxd5 cxd5 27. Bxd5+ Kf8
28. Bf4 Rxe1 29. Rxe1 Be7 30. Bxb7 fxg5 31. Bh2 Nf6 32. Re3 Kf7 33. d5 Re8 34.
Bc6 Rc8 35. Kf2 Bf8 36. Ra3 Ne4+ 37. Ke2 Nxc5 38. Rxa7+ Kg8 39. bxc5 Bxc5 40.
Ra5 Bf8 41. a4 Ng2 42. Rb5 Nf4+ 43. Kd2 Rc7 44. a5 Ra7 45. Kc2 Ne2 46. Kd3 Nf4+
47. Kc4 Re7 48. Rb2 Re4+ 49. Kb5 Nd3 50. Rb1 Re2 51. Bc7 Re7 52. Bb6 Nf4 53. a6
Ne2 54. Rb3 1-0

[Event "Open A Zadar 2016"]
[Site "Zadar"]
[Date "2016.12.12"]
[Round "3.13"]
[White "Piskur, Mitja"]
[Black "Fercec, Nenad"]
[Result "1/2-1/2"]
[WhiteElo "2285"]
[BlackElo "2461"]
[PlyCount "86"]
[EventDate "2016.12.11"]
[EventCountry "CRO"]
[WhiteClock "1:30:00"]
[BlackClock "1:30:00"]

1. e4 g6 2. Nf3 Bg7 3. d3 e5 4. g3 Ne7 5. Bg2 d5 6. O-O Nbc6 7. c3 h6 8. b4
dxe4 9. dxe4 Qxd1 10. Rxd1 Be6 11. Be3 O-O 12. b5 Na5 13. Bc5 Rfe8 14. Na3 b6
15. Bb4 Nb7 16. Bf1 Nc8 17. Nc4 Ncd6 18. Nxd6 Nxd6 19. Bxd6 cxd6 20. Rxd6 Rac8
21. Rc1 Rc5 22. Rc6 Bf8 23. Rxc5 Bxc5 24. Nxe5 Rd8 25. Nd3 Ba3 26. Rc2 Bg4 27.
Nb2 Bf3 28. Bg2 Bg4 29. Bf1 Bf3 30. Bg2 Bg4 31. f3 Be6 32. c4 Bxb2 33. Rxb2
Rd1+ 34. Kf2 Bxc4 35. f4 Ra1 36. e5 Bxa2 37. h3 Be6 38. Bf1 h5 39. h4 Kf8 40.
Rc2 Ke7 41. Bg2 Ra5 42. Rb2 Ra3 43. Bf1 Kd8 1/2-1/2

[Event "Open A Zadar 2016"]
[Site "Zadar"]
[Date "2016.12.12"]
[Round "3.14"]
[White "Livaic, Leon"]
[Black "Bao, Qilin"]
[Result "1-0"]
[WhiteElo "2451"]
[BlackElo "2331"]
[PlyCount "69"]
[EventDate "2016.12.11"]
[EventCountry "CRO"]
[WhiteClock "1:30:00"]
[BlackClock "1:30:00"]

1. d4 Nf6 2. c4 e6 3. Nf3 c5 4. d5 exd5 5. cxd5 Bd6 6. g3 O-O 7. Bg2 Bc7 8. O-O
d6 9. Nc3 Ba5 10. Nd2 Re8 11. Nc4 Bxc3 12. bxc3 b5 13. Nd2 Nbd7 14. a4 bxa4 15.
c4 Nb6 16. e4 Ng4 17. Qc2 Ba6 18. Bf3 Qd7 19. Bb2 Ne5 20. Be2 Qh3 21. Qc3 f6
22. f3 Rab8 23. Rf2 Nf7 24. Bf1 Qd7 25. Re1 Na8 26. Ba1 Rb4 27. f4 Bc8 28. Bd3
Nc7 29. Qc2 h6 30. Nf3 Rb3 31. e5 dxe5 32. fxe5 fxe5 33. Bh7+ Kh8 34. Nh4 e4
35. Bf5 1-0

[Event "Open A Zadar 2016"]
[Site "Zadar"]
[Date "2016.12.12"]
[Round "3.15"]
[White "Cebalo, Miso"]
[Black "Rezan, Sasa"]
[Result "1/2-1/2"]
[WhiteElo "2333"]
[BlackElo "2437"]
[PlyCount "59"]
[EventDate "2016.12.11"]
[EventCountry "CRO"]
[WhiteClock "1:30:00"]
[BlackClock "1:30:00"]

1. d4 d5 2. Nf3 Nf6 3. c4 e6 4. Nc3 Be7 5. Bf4 O-O 6. e3 c5 7. dxc5 Bxc5 8.
cxd5 Nxd5 9. Nxd5 exd5 10. Bd3 Bb4+ 11. Ke2 Nc6 12. Qc2 h6 13. Rhd1 Be6 14. a3
Bd6 15. Qa4 a6 16. Bxd6 Qxd6 17. Rac1 Rfe8 18. Kf1 Rad8 19. Qh4 Ne5 20. Be2 Bg4
21. Nd4 Bxe2+ 22. Nxe2 Nc6 23. Nd4 Re4 24. Qg3 Nxd4 25. Qxd6 Rxd6 26. Rc8+ Kh7
27. Rxd4 Rxd4 28. exd4 Kg6 29. Ke2 Kf6 30. Kd3 1/2-1/2

[Event "Open A Zadar 2016"]
[Site "Zadar"]
[Date "2016.12.12"]
[Round "3.16"]
[White "Plenca, Jadranko"]
[Black "Matko, Ognjen"]
[Result "1-0"]
[WhiteElo "2415"]
[BlackElo "2311"]
[PlyCount "79"]
[EventDate "2016.12.11"]
[EventCountry "CRO"]
[WhiteClock "1:30:00"]
[BlackClock "1:30:00"]

1. e4 c6 2. d4 d5 3. Nd2 dxe4 4. Nxe4 Bf5 5. Ng3 Bg6 6. Bc4 Nf6 7. N1e2 e6 8.
Nf4 Bd6 9. c3 Qc7 10. Qf3 Nd5 11. Nxg6 hxg6 12. Ne4 Be7 13. g3 Nd7 14. Ng5 N7f6
15. Bd2 O-O 16. O-O c5 17. dxc5 Bxc5 18. Bb3 Rfd8 19. Rad1 b5 20. Rfe1 Qb6 21.
Kg2 Rac8 22. Bc1 Qc6 23. h4 a5 24. Bc2 Rd6 25. Ne4 Nxe4 26. Bxe4 Rcd8 27. h5
gxh5 28. Qxh5 f5 29. Bf3 Qd7 30. Bg5 Rf8 31. Rh1 Nf6 32. Bxf6 Rxf6 33. Qh8+ Kf7
34. Bh5+ Rg6 35. Qh7 Qc6+ 36. f3 e5 37. Rxd6 Qxd6 38. Qxg6+ Qxg6 39. Bxg6+ Kxg6
40. Rd1 1-0

[Event "Open A Zadar 2016"]
[Site "Zadar"]
[Date "2016.12.12"]
[Round "3.17"]
[White "Zelic, Mladen"]
[Black "Skomorokhin, Roman"]
[Result "1-0"]
[WhiteElo "2305"]
[BlackElo "2414"]
[PlyCount "79"]
[EventDate "2016.12.11"]
[EventCountry "CRO"]
[WhiteClock "1:26:00"]
[BlackClock "1:30:00"]

1. e4 e6 2. d4 d5 3. Nc3 Bb4 4. e5 b6 5. Qg4 Bf8 6. Nf3 Qd7 7. a4 Ba6 8. Nb5
Ne7 9. c4 Bb7 10. Nc3 Nbc6 11. Be3 h5 12. Qh3 Nb4 13. Rc1 Nf5 14. Be2 g6 15.
O-O Be7 16. Rfd1 Kf8 17. Bg5 Qd8 18. Bxe7+ Qxe7 19. cxd5 Bxd5 20. Nxd5 Nxd5 21.
g3 Kg7 22. Bd3 h4 23. g4 Nh6 24. g5 Nf5 25. Qg4 h3 26. Be4 Rad8 27. Rc4 Nde3
28. fxe3 Nxe3 29. Qf4 Nxc4 30. Rc1 Nxb2 31. Qf6+ Qxf6 32. exf6+ Kh7 33. Rxc7
Rhf8 34. Ne5 Rxd4 35. Bxg6+ Kh8 36. Nxf7+ Rxf7 37. Rxf7 Kg8 38. Rxa7 Rd8 39.
Rg7+ Kh8 40. Rh7+ 1-0

[Event "Open A Zadar 2016"]
[Site "Zadar"]
[Date "2016.12.12"]
[Round "3.19"]
[White "Plenca, Julijan"]
[Black "Blazeka, Matej"]
[Result "1/2-1/2"]
[WhiteElo "2411"]
[BlackElo "2284"]
[PlyCount "70"]
[EventDate "2016.12.11"]
[EventCountry "CRO"]
[WhiteClock "1:30:00"]
[BlackClock "1:30:00"]

1. e4 e5 2. Nf3 Nc6 3. Bc4 Bc5 4. b4 Bxb4 5. c3 Be7 6. d4 Na5 7. Be2 d6 8. Qa4+
c6 9. dxe5 dxe5 10. Nxe5 Nf6 11. O-O b5 12. Qc2 Qc7 13. Nf3 O-O 14. Bg5 Ng4 15.
Bxe7 Qxe7 16. Nbd2 a6 17. a4 Bd7 18. h3 Ne5 19. axb5 Nxf3+ 20. Nxf3 axb5 21. e5
c5 22. Bd3 h6 23. Rfe1 Bc6 24. Bh7+ Kh8 25. Be4 Qe6 26. Red1 Qb3 27. Qe2 Qxc3
28. e6 fxe6 29. Nh4 Bxe4 30. Qxe4 Rfe8 31. Ng6+ Kg8 32. Ne5 Qb4 33. Qg6 Qf4 34.
Rxa5 Qxe5 35. Rxb5 Red8 1/2-1/2